| 000 | 00522 a2200169 4500 | ||
|---|---|---|---|
| 999 |
_c6076 _d6076 |
||
| 020 | _a9780070620032 | ||
| 050 | _aT58.6 O'BR 2009 | ||
| 100 |
_aO'Brien, James a. _eauthor |
||
| 245 |
_aManagement information systems / _cJames M. O'Brien & George M. Marakas |
||
| 250 | _a7th ed. | ||
| 264 |
_aNew Delhi : _bTata McGraw-Hill, _c2009. |
||
| 300 |
_a616p. : _bill. |
||
| 500 | _aIncludes index | ||
| 650 | _aManagement information systems. | ||
| 700 |
_aMarakas, George M. _eauthor |
||
| 942 |
_2lcc _cBK _e7th ed. _h58.6 _iO'BR _kT |
||